000
00335 a2200145 4500
001
169881
020
_a
040
_c
Magnum
100
_a
Polastri, Maria Helena Tavares
240
1
0
_a
A construcao de belo horizonte
_l
por
245
1
0
_a
A construcao de belo horizonte
362
0
_a
1899
697
_a
ESTUDOS SOCIAIS
942
_c
BK
999
_c
169881
_d
169881